• 首页
  • 本馆介绍
  • 公告通知
  • 最新文献
  • 馆藏检索
  • 电子资源
  • 读者导购
  • 参考咨询
  • 我的图书馆
  • 登录
  • 详细信息显示
  • 放入我的书架
  • 预约/预借图书
  • 作者相关作品
  • 分类相关作品
  • 丛书相关作品
  • 出版社相关作品

书目信息

  • 表格格式
  • 工作单格式
  • 卡片格式
题名:
实用烤烟栽培与烘烤技术
    
 
作者: 张文友 , 彭世逞 , 刘联仁 编著
分册:  
出版信息: 北京   科学出版社出版社  1997
页数: 222
开本: 20cm
丛书名: 金穗丛书
单 册:
中图分类: S572
科图分类:
主题词: 作物
电子资源:
ISBN: 7-03-005767-8
000 00727nam0 2200229 450
001 0754114953
005 20070929150154.95
010    @a7-03-005767-8
100    @a20070929d km y0chiy0120 ea
101 0  @achi
200 1  @a实用烤烟栽培与烘烤技术@Ashi yong kao yan zai pei yu hong kao ji shu@f彭世逞,刘联仁,张文友 编著@Fpeng shi cheng,liu lian ren,zhang wen you bian zhu
210    @a北京@c科学出版社出版社@d1997
215    @a222@c插图@d20cm
225 2  @a金穗丛书
410  0 @12001 @a金穗丛书
606 0  @a作物
690    @aS572@v3
701  0 @a张文友@Azhang wen you@4编著
701  0 @a彭世逞@Apeng shi cheng@4编著
701  0 @a刘联仁@Aliu lian ren@4编著
801  0 @aCN@bPFT@c20070929
905    @a213230@dS572@eh14@f1
    
    实用烤烟栽培与烘烤技术/彭世逞,刘联仁,张文友 编著.-北京:科学出版社出版社,1997
    222:插图;20cm.-(金穗丛书)
    
    
    ISBN 7-03-005767-8:
    
●
相关链接 在E读中查询图书 在五车中查询图书 在当当中查询图书 在豆瓣中查询图书


正题名:实用烤烟栽培与烘烤技术     索取号:S572/h14         预约/预借

序号 登录号 条形码 馆藏地/架位号 状态 备注
1 6001209   260012097   密集书库-化学系/ [索取号:S572/h14] 在馆    
唐山师范学院图书馆 欢迎您!
大连网信软件有限公司© 版权所有